Welcome to the Holygrace Academy Library

Please use search bar below to get started

UNDERTAKERS WIDOW (Record no. 2415)

MARC details
000 -LEADER
fixed length control field 00293nam a22001337a 4500
020 ## - INTERNATIONAL STANDARD BOOK NUMBER
ISBN 0-553-58088-4
082 ## - DEWEY DECIMAL CLASSIFICATION NUMBER
Classification number 823
Item number MAR/U
100 ## - MAIN ENTRY--AUTHOR NAME
Personal name MARGOLIN,PHILIP
245 ## - TITLE STATEMENT
Title UNDERTAKERS WIDOW
260 ## - PUBLICATION, DISTRIBUTION, ETC. (IMPRINT)
Place of publication NEWYORK
Name of publisher BANTAM BOOKS
300 ## - PHYSICAL DESCRIPTION
Number of Pages 324
650 ## - SUBJECT ADDED ENTRY--TOPICAL TERM
Topical Term NOVEL,ENGLISH
Geographic subdivision NEW YORK
942 ## - ADDED ENTRY ELEMENTS (KOHA)
Koha item type Books
Holdings
Withdrawn status Lost status Collection code Home library Current library Shelving location Date acquired Source of acquisition Full call number Accession Number Koha item type
    Fiction Main Library Main Library SHELF-2-D ENGLIAH NOVELS FOR TEACHERS 18/06/2010 PURCHASE 823 MAR/U 05437 Books